[Event "MVCC Ch (Championship)"]
[Site "Twin Falls, Idaho"]
[Date "2013.03.23"]
[Round "3.2"]
[White "Eacker, Barry D"]
[Black "Bartell, Fred"]
[Result "1/2-1/2"]
[WhiteElo "1624"]
[BlackElo "1772"]

1. d4 Nf6 2. Nc3 e6 3. Bg5 Be7 4. e3 h6 5. Bxf6 Bxf6 6. Nf3 d6 7. Bd3 Nc6 8.
a3 Bd7 9. Qe2 a6 10. Ne4 Be7 11. c4 d5 12. cxd5 exd5 13. Ng3 b5 14. O-O Na5
15. Rfc1 Nb3 16. Rab1 Nxc1 17. Rxc1 O-O 18. Ne5 Bf6 19. Ng4 Bh4 20. Nf5 Bxf5
21. Bxf5 Qd6 22. g3 Bg5 23. h4 Bf6 24. Rxc7 g6 25. Rd7 Qc6 26. Nxh6+ Kg7 27.
Bxg6 Qxd7 28. Bf5 Kxh6 29. Bxd7 Rg8 30. Qf3 {#d} 1/2-1/2

[Event "MVCC Ch (Championship)"]
[Site "Twin Falls, Idaho"]
[Date "2013.03.23"]
[Round "4.4"]
[White "Wray, James"]
[Black "Eacker, Barry D"]
[Result "0-1"]
[WhiteElo "1437"]
[BlackElo "1624"]

1. f4 e6 2. Nf3 d5 3. e3 Nf6 4. b3 c5 5. Bb2 Be7 6. h3 Qc7 7. Nc3 a6 8. Qe2
Nc6 9. O-O-O d4 10. Nb1 Nb4 11. Qc4 Nxa2# 0-1

[Event "SIO (Open)"]
[Site "Twin Falls, ID"]
[Date "2013.11.02"]
[Round "1.1"]
[White "Eacker, Barry D"]
[Black "Kircher, Caleb Paul"]
[Result "1/2-1/2"]
[WhiteElo "1625"]
[BlackElo "1896"]
[EventRounds "4"]
[EventCountry "USA"]

1. d4 d5 2. Nc3 f5 3. Bf4 e6 4. e3 Bb4 5. Nf3 Nf6 6. Bd3 O-O 7. O-O Bxc3 8.
bxc3 Ne4 9. Bxe4 fxe4 10. Ne5 Nd7 11. Qg4 Nxe5 12. Bxe5 Qd7 13. a4 a5 14. Qg3
Rf7 15. f3 exf3 16. Rxf3 Rxf3 17. gxf3 c6 18. Kf2 b5 19. Rg1 Ra7 20. h4 Ba6
21. Qh3 Qe8 22. Qg4 Qg6 23. Qh3 Qxc2+ 24. Kg3 Bc8 25. Rg2 Qf5 26. Qxf5 exf5
27. Kf4 Kf8 28. e4 fxe4 29. fxe4 dxe4 30. Kxe4 Be6 31. Bd6+ Ke8 32. Ke5 Bd5
33. Rf2 bxa4 34. Rb2 Bb3 35. Bc5 Rd7 36. Rf2 Rf7 37. Rxf7 Bxf7 38. Kd6 Bd5 39.
Kc7 h6 40. Kb6 g5 41. hxg5 hxg5 42. Kxa5 Bb3 43. c4 Kd7 44. Kb4 Ke6 45. Kc3
Kf5 46. d5 cxd5 47. cxd5 Bxd5 48. Kb4 Bb3 49. Kc3 Kf4 50. Bb6 Kf3 51. Bc5 Ke2
52. Bd6 Kd1 53. Kb2 Kd2 54. Bg3 Ke3 55. Kc3 Kf3 56. Bd6 Ke4 57. Bg3 Kd5 58.
Bf2 Bd1 59. Kb4 Ke4 60. Bc5 Kd3 61. Bd6 Bc2 62. Bg3 Ke2 63. Bd6 Kd1 64. Bc7
Kc1 65. Bb6 Kb1 66. Ka3 Kc1 67. Be3+ {#d} 1/2-1/2

[Event "SIO (Open)"]
[Site "Twin Falls, ID"]
[Date "2013.11.02"]
[Round "2.4"]
[White "Looney, Daniel S"]
[Black "Eacker, Barry D"]
[Result "1/2-1/2"]
[WhiteElo "1625"]
[BlackElo "1625"]
[EventRounds "4"]
[EventCountry "USA"]

1. e4 e6 2. e5 d5 3. f4 c5 4. Nf3 Nc6 5. Bb5 Qb6 6. a4 Bd7 7. Nc3 d4 8. Ne4
Nxe5 9. Nxe5 Bxb5 10. Qg4 Nh6 11. Qh3 Bc6 12. d3 Bxe4 13. dxe4 Bd6 14. Nc4 Qc7
15. O-O O-O-O 16. Bd2 Kb8 17. Ba5 b6 18. Qb3 Qb7 19. Bd2 Bc7 20. Qa3 Qa6 21.
Qd3 Ng4 22. b4 Ne3 23. b5 Qb7 {#d} 1/2-1/2

[Event "Mountain Home Open"]
[Site "Mountain Home, ID"]
[Date "2014.01.11"]
[Round "1.6"]
[White "Pentico, Christopher"]
[Black "Eacker, Barry D"]
[Result "0-1"]
[WhiteElo "1455"]
[BlackElo "1634"]
[EventRounds "4"]
[EventCountry "USA"]

1. Nf3 Nf6 2. g3 g6 3. Bg2 Bg7 4. O-O d6 5. c4 O-O 6. Nc3 c6 7. d4 Nbd7 8. Rb1
Nb6 9. c5 dxc5 10. dxc5 Nbd5 11. Bd2 Bf5 12. Rc1 Ne4 13. Nh4 Ndxc3 14. Bxc3
Nxc3 15. bxc3 Be6 16. Qc2 Qa5 17. Rb1 Rab8 18. e3 Qxc5 19. Rfc1 Bc4 20. Rb4
Rfd8 21. Bf1 Bxf1 22. Kxf1 Qd5 23. Re4 e6 24. c4 Qd3+ 25. Kg1 Qa3 26. c5 a6
27. Ra4 Qd3 28. Nf3 Qxc2 29. Rxc2 Rd1+ 30. Kg2 Rd3 31. Nd4 Bxd4 32. Rxd4 Rxd4
33. exd4 Rd8 34. Rc4 f6 35. f4 Kf7 36. Kf3 a5 37. a4 Rd5 38. g4 e5 39. dxe5
fxe5 40. fxe5 Rxe5 41. h4 Ke7 42. Kf4 Ke6 43. Rc3 Rd5 44. Re3+ Kf7 45. Rc3
Rd4+ 46. Ke5 Rxa4 47. Kd6 Rxg4 48. Rf3+ Kg7 {(Time Forfeit)} {#R} 0-1

[Event "Mountain Home Open"]
[Site "Mountain Home, ID"]
[Date "2014.01.11"]
[Round "3.1"]
[White "Lang, Jamie"]
[Black "Eacker, Barry D"]
[Result "1/2-1/2"]
[WhiteElo "1494"]
[BlackElo "1634"]
[EventRounds "4"]
[EventCountry "USA"]

1. e4 e6 2. d4 d5 3. e5 c5 4. Be3 Qb6 5. b3 Nc6 6. Nf3 cxd4 7. Bxd4 Nxd4 8.
Nxd4 Bd7 9. Be2 Bc5 10. c3 Ne7 11. O-O Bxd4 12. Qxd4 Qc7 13. f4 Nf5 14. Qf2 b6
15. g4 Ne7 16. Rc1 Qc5 17. Qxc5 bxc5 18. Nd2 Ng6 19. Rf1 O-O 20. Kg2 f5 21. g5
Bc6 22. Kg3 a5 23. Bf3 Ne7 24. h4 Kf7 25. h5 h6 26. g6+ Ke8 {#d} 1/2-1/2

[Event "Idaho Closed"]
[Site "Twin Falls, ID"]
[Date "2014.02.15"]
[Round "2.7"]
[White "Patterson, Kevin R"]
[Black "Eacker, Barry D"]
[Result "0-1"]
[WhiteElo "1222"]
[BlackElo "1670"]
[EventRounds "6"]
[EventCountry "USA"]

1. e4 e6 2. d4 d5 3. exd5 exd5 4. Nf3 Nf6 5. h3 Be7 6. Be2 O-O 7. Bf4 c5 8.
dxc5 Qa5+ 9. Nbd2 Bxc5 10. O-O Qb6 11. Nb3 Bxf2+ 12. Rxf2 Ne4 13. Qd4 Nxf2 14.
Qxb6 Nxh3+ 15. gxh3 axb6 16. Kg2 Bf5 17. Nbd4 Be4 18. Bb5 Rc8 19. c3 Nc6 20.
Be3 Ne5 21. Kg3 Nc4 22. Bxc4 dxc4 23. Nb5 Bxf3 24. Kxf3 Rc6 25. a3 Re8 26. Nd4
Rf6+ 27. Ke2 Rh6 28. Rf1 Rxh3 29. Rf3 Rh2+ 30. Rf2 Rh4 31. Kd2 Rhe4 32. Rf3 h5
33. Nf5 Rd8+ 34. Bd4 Rd7 35. Re3 Rxe3 36. Nxe3 g6 37. Ke2 b5 38. Kf3 Rd6 39.
Kf4 f6 40. Ng2 Kf7 41. Kf3 Re6 42. Be3 g5 43. Kg3 Kg6 {#R} 0-1

[Event "Idaho Closed"]
[Site "Twin Falls, ID"]
[Date "2014.02.16"]
[Round "3.4"]
[White "Eacker, Barry D"]
[Black "Douglas, Kurt P"]
[Result "1/2-1/2"]
[WhiteElo "1670"]
[BlackElo "1668"]
[EventRounds "6"]
[EventCountry "USA"]

1. d4 d5 2. Bf4 Nf6 3. e3 Bf5 4. Bd3 Bxd3 5. Qxd3 e6 6. Nd2 Nbd7 7. Ngf3 Be7
8. h3 O-O 9. Ne5 Nh5 10. Bh2 Nxe5 11. dxe5 g6 12. Nf3 c5 13. O-O Qb6 14. Qb3
Qxb3 15. axb3 a5 16. Rfd1 Rfd8 17. Kf1 Ng7 18. g4 Ne8 19. Ke2 Nc7 20. c4 dxc4
21. Rxd8+ Bxd8 22. bxc4 Na6 23. Nd2 Bc7 24. Ne4 b6 25. Nd6 {#d} 1/2-1/2

[Event "Idaho Closed"]
[Site "Twin Falls, ID"]
[Date "2014.02.16"]
[Round "4.4"]
[White "Lang, Jamie"]
[Black "Eacker, Barry D"]
[Result "1/2-1/2"]
[WhiteElo "1470"]
[BlackElo "1670"]
[EventRounds "6"]
[EventCountry "USA"]

1. e4 e6 2. Nc3 d5 3. exd5 exd5 4. d4 Nf6 5. Nf3 Bb4 6. Be2 O-O 7. O-O Bxc3 8.
bxc3 c5 9. Ba3 Ne4 10. c4 Nc3 11. Qd3 Nxe2+ 12. Qxe2 Re8 13. Qd3 dxc4 14. Qxc4
cxd4 15. Qxd4 Nc6 {#d} 1/2-1/2

[Event "Idaho Closed"]
[Site "Twin Falls, ID"]
[Date "2014.02.17"]
[Round "5.4"]
[White "Eacker, Barry D"]
[Black "Bartell, Fred"]
[Result "0-1"]
[WhiteElo "1670"]
[BlackElo "1700"]
[EventRounds "6"]
[EventCountry "USA"]

1. d4 c6 2. Bf4 Nf6 3. e3 d6 4. h3 Nbd7 5. Nf3 g6 6. Nbd2 Bg7 7. c3 O-O 8. Be2
Re8 9. O-O b6 10. e4 Bb7 11. e5 Nd5 12. Bg3 dxe5 13. dxe5 Nc5 14. Qc2 Qc8 15.
Nb3 Ne6 16. Nbd4 Nef4 17. Bxf4 Nxf4 18. Kh2 c5 19. Nb5 a6 20. Na3 Qc7 21. g3
Nxe2 22. Qxe2 Qc6 23. Ne1 Qe6 24. Nd3 Qf5 25. f3 Rad8 26. Rad1 Bc8 27. g4 Qe6
28. Nf4 Bxe5 29. Qe4 g5 30. Kg2 Bxf4 31. Qc2 Rxd1 32. Rxd1 Qe3 33. Nc4 Qe6 34.
b3 b5 35. Nb2 Qe3 36. Nd3 Bb7 37. Ne1 Be5 38. Qd3 Qxd3 39. Rxd3 Bc8 40. Rd5
Bxc3 41. Rxg5+ Kf8 42. Nd3 c4 43. bxc4 bxc4 44. Rc5 Be6 45. Nf4 Bd7 46. Nd5
Bb2 47. Rxc4 Be6 48. Rc2 Rb8 49. Nc7 Bxa2 50. Nxa6 Rb6 51. Nc5 Rb5 52. Nd3 Bb1
53. Rxb2 Bxd3 54. Rd2 Rd5 55. Kf2 Bc4 56. Rc2 Bb5 57. Rb2 Kg7 58. f4 Kg6 59.
Kg3 e6 60. h4 h5 61. gxh5+ Kxh5 62. Rh2 Rd3+ {#R} 0-1

[Event "Idaho Closed"]
[Site "Twin Falls, ID"]
[Date "2014.02.17"]
[Round "6.5"]
[White "Mabry, William B"]
[Black "Eacker, Barry D"]
[Result "1/2-1/2"]
[WhiteElo "1279"]
[BlackElo "1670"]
[EventRounds "6"]
[EventCountry "USA"]

1. e4 e6 2. d4 d5 3. Nd2 c5 4. c3 cxd4 5. Qa4+ Bd7 6. Qxd4 Nc6 7. Qd3 Nf6 8.
Be2 Bc5 9. exd5 exd5 10. Nb3 Be7 11. Nf3 O-O 12. O-O Qc7 13. Bg5 Ne5 14. Nxe5
Qxe5 15. Qe3 Qd6 16. Rad1 Rfe8 17. Qd2 Bc6 18. Bf3 Ne4 19. Bxe4 Bxg5 20. Qd3
Qh6 21. Bf3 Rad8 22. Nd4 Re5 23. Rfe1 Qf6 24. g3 Rde8 25. Rxe5 Qxe5 26. Kg2 g6
{#d} 1/2-1/2

[Event "MVCC (Championship)"]
[Site "Twin Falls, ID"]
[Date "2014.03.22"]
[Round "4.6"]
[White "Eacker, Barry D"]
[Black "Dugger, Gary"]
[Result "1-0"]
[WhiteElo "1624"]
[BlackElo "1278"]
[EventRounds "4"]
[EventCountry "USA"]

1. d4 d5 2. Bf4 e6 3. e3 Bd6 4. Bxd6 Qxd6 5. Nd2 Nf6 6. Ngf3 Nbd7 7. c4 b6 8.
Bd3 Bb7 9. Rc1 c5 10. cxd5 Bxd5 11. e4 Bxa2 12. e5 Qe7 13. exf6 Qxf6 14. Qa4
Bd5 15. Bb5 Qe7 16. Ne5 Rd8 17. Bxd7+ Rxd7 18. Nxd7 Qxd7 19. Qxd7+ Kxd7 20.
dxc5 Rc8 21. b4 a5 22. bxa5 bxa5 23. Nc4 Bxc4 24. Rxc4 Kc6 25. Kd2 Kb5 26. Kc3
Rxc5 27. Rxc5+ Kxc5 28. Rd1 Kc6 29. Kc4 {#r} 1-0

[Event "Idaho Closed"]
[Site "Twin Falls, ID"]
[Date "2015.02.14"]
[Round "1.13"]
[White "Eacker, Barry D"]
[Black "Catangcatang, Levi"]
[Result "1-0"]
[WhiteElo "1634"]
[BlackElo "544"]
[EventRounds "6"]
[EventCountry "USA"]

1. d4 c6 2. Bf4 d5 3. e3 Nf6 4. Nd2 Bf5 5. Bd3 Bxd3 6. cxd3 e6 7. Ngf3 Nbd7 8.
Ne5 Bd6 9. Nxf7 Kxf7 10. Bxd6 Rc8 11. Qb3 Nb6 12. Bc5 Nfd7 13. O-O Re8 14. f4
Kg8 15. Nf3 Qc7 16. Ne5 Nxc5 17. dxc5 Nd7 18. Nxd7 Qxd7 19. d4 Rf8 20. Qd3 Rf5
21. Rf3 h5 22. Raf1 Qc7 23. e4 dxe4 24. Qxe4 Re8 25. h3 h4 26. Qe1 Qd8 27. Qc3
g6 28. Re1 Qd5 29. Re5 Qxa2 30. Qb4 Re7 31. b3 Qa1+ 32. Re1 a5 33. Rxa1 axb4
34. Ra4 Kf7 35. Kf2 Rd7 36. Rxb4 Kf6 37. Ke3 g5 38. Ke4 Rg7 39. fxg5+ Rgxg5
40. Rxf5+ exf5+ 41. Kf3 Rg7 42. d5 Rh7 43. d6 Ke6 44. Rd4 Kd7 45. Kf4 Ke6 46.
d7 Rxd7 47. Rxd7 Kxd7 48. Kxf5 {#r} 1-0

[Event "Idaho Closed"]
[Site "Twin Falls, ID"]
[Date "2015.02.14"]
[Round "2.5"]
[White "Amen, Chris"]
[Black "Eacker, Barry D"]
[Result "1/2-1/2"]
[WhiteElo "1683"]
[BlackElo "1634"]
[EventRounds "6"]
[EventCountry "USA"]

1. e4 e6 2. d4 d5 3. Nd2 Nf6 4. e5 Nfd7 5. Bd3 c5 6. c3 Nc6 7. Ne2 Be7 8. O-O
cxd4 9. cxd4 Qb6 10. Nf3 f5 11. exf6 Nxf6 12. Nc3 O-O 13. a3 Bd7 14. Bg5 Ne8
15. Bxe7 Nxe7 16. Ne5 Nf6 17. b4 Rac8 18. Rc1 Kh8 19. Bb1 Nc6 20. Nxc6 Bxc6
21. Re1 Bd7 22. Qd3 Qd6 23. g4 g6 24. f3 Qf4 25. Ne2 Qg5 26. Kg2 Nh5 27. h4
Nf4+ 28. Nxf4 Qxf4 29. Rxc8 Bxc8 30. h5 Rf6 31. Rh1 Kg7 32. hxg6 hxg6 33. Rh3
Bd7 34. Rg3 Be8 35. g5 Rf5 36. Qc3 Rxg5 37. Rxg5 Qxg5+ 38. Kf2 Qh4+ 39. Ke3
Qg5+ 40. Kf2 Qh4+ {#d} 1/2-1/2

[Event "ICA Spring Open"]
[Site "Pocatello, ID"]
[Date "2015.04.18"]
[Round "1.3"]
[White "Eacker, Barry D"]
[Black "Simonson, Jay L"]
[Result "1-0"]
[WhiteElo "1641"]
[BlackElo "642"]
[EventRounds "4"]
[EventCountry "USA"]

1. d4 d5 2. Bf4 Nc6 3. e3 Bf5 4. c3 e6 5. Bd3 Nge7 6. Nf3 g6 7. Ne5 Nxe5 8.
Bxe5 Rg8 9. g4 Bxd3 10. Qxd3 a6 11. Nd2 Qd7 12. O-O-O O-O-O 13. Nb3 Qa4 14.
Kb1 Nc6 15. Bg3 Bg7 16. Nc5 Qb5 17. Qc2 Na5 18. Qa4 Qxa4 19. Nxa4 Nc4 20. b3
Na3+ 21. Kb2 Bf8 22. Rc1 Nb5 23. b4 Bd6 24. c4 dxc4 25. Rxc4 Bxg3 26. hxg3 Kb8
27. Rhc1 Rd7 28. Nc5 Rd5 29. Ne4 c6 30. Nf6 Rh8 31. Nxd5 exd5 32. R4c2 h5 33.
Rh1 Nd6 34. gxh5 gxh5 35. Re2 Ne4 36. Rh2 f5 37. Re1 Ng5 38. Reh1 Rc8 39. Rxh5
Nf3 40. Rxf5 Nd2 41. Rf7 Nc4+ 42. Kc2 Na3+ 43. Kd3 Nb1 44. Rhh7 Na3 45. Rxb7+
{#r} 1-0

[Event "ICA Spring Open"]
[Site "Pocatello, ID"]
[Date "2015.04.18"]
[Round "3.1"]
[White "Eacker, Barry D"]
[Black "Buus, Jarod N"]
[Result "1/2-1/2"]
[WhiteElo "1641"]
[BlackElo "1669"]
[EventRounds "4"]
[EventCountry "USA"]

1. d4 d5 2. Bf4 Nf6 3. e3 Bf5 4. Bd3 Bxd3 5. Qxd3 c6 6. Nd2 e6 7. Ngf3 Bd6 8.
Ne5 Nh5 9. Qe2 Nxf4 10. exf4 Nd7 11. Qg4 O-O 12. h4 Qe7 13. h5 Bxe5 14. fxe5
Qb4 15. h6 g6 16. Qh4 f5 17. O-O-O Rf7 18. Nf3 Nb6 19. a3 Qc4 20. b3 Qc3 21.
Ng5 Re7 22. Kb1 Rae8 23. Rd3 {#d} 1/2-1/2

[Event "ICA Spring Open"]
[Site "Pocatello, ID"]
[Date "2015.04.18"]
[Round "4.2"]
[White "Bartell, Fred"]
[Black "Eacker, Barry D"]
[Result "1/2-1/2"]
[WhiteElo "1604"]
[BlackElo "1641"]
[EventRounds "4"]
[EventCountry "USA"]

1. e4 e6 2. d4 d5 3. exd5 exd5 4. Nf3 Nf6 5. Nc3 Be7 6. Be2 Bd7 7. Bf4 a6 8.
Ne5 O-O 9. O-O Nc6 10. Nxd7 Qxd7 11. Bf3 h6 12. a3 Bd6 13. Bxd6 Qxd6 14. Re1
Rfe8 15. Qd2 Re7 16. Rxe7 Nxe7 17. Re1 c6 18. Na4 Qc7 {#d} 1/2-1/2

[Event "SIO (Open)"]
[Site "Twin Falls, ID"]
[Date "2015.11.14"]
[Round "2.3"]
[White "Amen, Chris"]
[Black "Eacker, Barry D"]
[Result "0-1"]
[WhiteElo "1735"]
[BlackElo "1653"]
[EventRounds "4"]
[EventCountry "USA"]

1. e4 e6 2. d4 d5 3. Nd2 dxe4 4. Nxe4 Nf6 5. Nxf6+ Qxf6 6. Nf3 Qd8 7. Bd3 Be7
8. O-O Nd7 9. Bf4 Nf6 10. Ne5 O-O 11. c3 c5 12. dxc5 Bxc5 13. Qf3 Nd5 14. Rad1
Qf6 15. Qe4 Qf5 16. Qxf5 exf5 17. Bc1 Be6 18. Be2 Rad8 19. Bf3 f6 20. Nd3 Bb6
21. c4 Ne7 22. b3 Bc8 23. Ba3 Rfe8 24. Rfe1 Kf7 25. g3 Bd4 26. Nf4 Be5 27.
Rxd8 Rxd8 28. Bxe7 Kxe7 29. Nd5+ Kd6 30. b4 b6 31. Rd1 Ke6 32. Nf4+ Ke7 33.
Nd5+ Ke6 34. Bg2 Ba6 35. f4 Bb8 36. Re1+ Kf7 37. b5 Bc8 38. Re7+ Kf8 39. Re1
Kf7 40. Nb4 Be6 41. Nc6 Rd2 {The rest of the game was not recorded--Jeffrey
Roland.} {#R} 0-1

[Event "SIO Extra Game (Match)"]
[Site "Twin Falls, ID"]
[Date "2015.11.14"]
[Round "1.8"]
[White "Vereshchagin, Aleksandr"]
[Black "Eacker, Barry D"]
[Result "0-1"]
[WhiteElo "1233"]
[BlackElo "1653"]
[EventRounds "1"]
[EventCountry "USA"]

1. e4 e6 2. Nf3 d5 3. e5 c5 4. c3 Bd7 5. Na3 Qb6 6. Qb3 c4 7. Qxb6 axb6 8. Nc2
Nc6 9. Ncd4 f6 10. Nb5 Kd8 11. exf6 Nxf6 12. d3 Na5 13. dxc4 dxc4 14. Nfd4 e5
15. Be3 exd4 16. Nxd4 Bc5 17. Be2 Re8 18. O-O Bxd4 19. cxd4 Nd5 20. Bg5+ Kc7
21. Bf3 Bc6 22. Bh4 Nf4 23. Bg3 g5 24. d5 Bb5 25. Rfd1 Kd6 26. Bxf4+ gxf4 27.
Rd4 Nb3 28. Rad1 Nxd4 29. Rxd4 Re1# 0-1